Relations monétaires internationales (notice n° 1925408)

détails MARC
000 -LEADER
fixed length control field 01333cam a2200145 4500500
005 - DATE AND TIME OF LATEST TRANSACTION
control field 20260329023209.0
041 ## - LANGUAGE CODE
Language code of text/sound track or separate title fre
042 ## - AUTHENTICATION CODE
Authentication code dc
100 10 - MAIN ENTRY--PERSONAL NAME
Personal name Beitone, Alain
Relator term author
245 00 - TITLE STATEMENT
Title Relations monétaires internationales
260 ## - PUBLICATION, DISTRIBUTION, ETC.
Name of publisher, distributor, etc. Armand Colin,<br/>
Date of publication, distribution, etc. 2018.<br/>
520 ## - SUMMARY, ETC.
Summary, etc. Le rôle mondial du dollar doit-il être remis en cause ? Faut-il renforcer l’euro ou l’abandonner ? Le yuan est-il la future monnaie internationale ? Les questions monétaires internationales constituent un enjeu majeur pour le fonctionnement de l’économie mondiale. Cet ouvrage se propose de rendre accessible ce domaine passionnant, en mobilisant à la fois l’histoire et les théories économiques. Il présente le fonctionnement du marché des changes, l’histoire des régimes de change qui ont fonctionné et la situation actuelle marquée par l’incertitude et l’instabilité. Les différents projets de nouvelle architecture monétaire internationale sont examinés. Une attention particulière est accordée à l’intégration monétaire européenne, à la crise de l’euro intervenue à partir de 2010 et aux débats sur l’avenir de la zone euro.
700 10 - ADDED ENTRY--PERSONAL NAME
Personal name Hemdane, Estelle
Relator term author
856 41 - ELECTRONIC LOCATION AND ACCESS
Uniform Resource Identifier <a href="https://shs.cairn.info/relations-monetaires-internationales--9782200621810?lang=fr&redirect-ssocas=7080">https://shs.cairn.info/relations-monetaires-internationales--9782200621810?lang=fr&redirect-ssocas=7080</a>

Pas d'exemplaire disponible.

PLUDOC

PLUDOC est la plateforme unique et centralisée de gestion des bibliothèques physiques et numériques de Guinée administré par le CEDUST. Elle est la plus grande base de données de ressources documentaires pour les Étudiants, Enseignants chercheurs et Chercheurs de Guinée.

Adresse

627 919 101/664 919 101

25 boulevard du commerce
Kaloum, Conakry, Guinée

Réseaux sociaux

Powered by Netsen Group @ 2025